000 00538nam a2200217Ia 4500
003 IT-RoPAU
008 120407s9999 xx 000 0 und d
040 _aIT-RoPAU
040 _cIT-RoPAU
041 _aita
100 _aGiuseppe Felten
100 _cdott.
245 _aStoria dei tempi del N.T. Giudaismo e paganesimo al tempo di N.S. Gesù Cristo e degli Apostoli. Vers. ital. di E. Bongiovanni.
250 _aTorino
260 _aSei
260 _c1932
300 _c23 cm
490 _v1
942 _cBK
999 _c23105
_d23105